Reklama (história versus súčasnosť)

Vznik reklamy a jej história. Zrod sociálnej reklamy a jej vývin. Podoby nekomerčnej reklamy. Spoločensko-výchovná propagácia (sociálna reklama) a jej ciele. Sociálna reklama ako súčasť sociálneho marketingu. Základný vzťah medzi marketingom a sociálnym marketingom. Príklady prepojenia komerčnej a...

Descrizione completa

Salvato in:
Dettagli Bibliografici
Autore principale: Horňák, Pavel
Natura: Capitolo di libro
Lingua:slovacco
Soggetti:
Tags: Aggiungi Tag
Nessun Tag, puoi essere il primo ad aggiungerne!!

MARC

LEADER 00000naa$a2200000$$$4500
001 0003502
005 20231004101149.2
041 0 |a slo 
044 |a CZ 
245 1 0 |a Reklama  |b (história versus súčasnosť)  |c aut. Pavel Horňák 
520 |a Vznik reklamy a jej história. Zrod sociálnej reklamy a jej vývin. Podoby nekomerčnej reklamy. Spoločensko-výchovná propagácia (sociálna reklama) a jej ciele. Sociálna reklama ako súčasť sociálneho marketingu. Základný vzťah medzi marketingom a sociálnym marketingom. Príklady prepojenia komerčnej a sociálnej reklamy. Prepojenie sociálnej reklamy a žurnalistiky. Ďalšie styčné plochy medzi žurnalistikou a sociálnou reklamou. Súčasný pohľad na sociálnu reklamu. 
610 2 0 |a reklama 
610 2 0 |a propagácia 
610 2 0 |a história 
610 2 0 |a marketing sociálny 
610 2 0 |a marketing 
610 2 0 |a komunikácia marketingová 
610 2 0 |a žurnalistika 
610 2 0 |a práca s verejnosťou 
610 2 0 |a inzercia 
100 1 |a Horňák, Pavel